Atlantic Sun Conference Mascots - Statistics

General Stats
  • This quiz has been taken 6 times
  • The average score is 8 of 10
Answer Stats
Hint Answer % Correct
Austin Peay Governors
100%
Bellarmine Knights
100%
Eastern Kentucky Colonels
83%
Jacksonville Dolphins
83%
FGCU Eagles
83%
Stetson Hatters
83%
Central Arkansas Bears
67%
North Alabama Lions
67%
North Florida Ospreys
67%
Lipscomb Bisons
50%
No matching quizzes found
Score Distribution
Percent of People with Each Score
Percentile by Number Answered
Your Score History
You have not taken this quiz